Loading...
| Literature - American | 0 | 6 | 0 | 1 | 60 | 35 | 85.33 | 2 | 3 | 21.55 | 34.30 |
| Literature - European | 0 | 5 | 0 | 1 | 50 | 69 | 118.40 | 1 | 1 | 8.18 | 25.79 |
| Philosophy | 0 | 5 | 1 | 1 | 45 | 77 | 99.00 | 0 | 2 | 8.74 | 19.17 |
| Literature - British | 0 | 4 | 0 | 1 | 40 | 103 | 122.25 | 0 | 0 | 6.78 | 10.83 |
| Science - Chemistry | 0 | 4 | 2 | 0 | 30 | 46 | 63.75 | 1 | 3 | 16.11 | 27.93 |
| Science - Other | 0 | 2 | 0 | 0 | 20 | 62 | 70.50 | 0 | 1 | 7.07 | 13.64 |
| Science - Physics | 0 | 2 | 0 | 1 | 20 | 62 | 95.50 | 0 | 1 | 3.94 | 10.00 |
| Fine Arts - Painting and Sculpture | 0 | 2 | 0 | 0 | 20 | 87 | 112.00 | 0 | 0 | 2.71 | 5.87 |
| Science - Biology | 0 | 3 | 3 | 1 | 15 | 62 | 68.67 | 0 | 2 | 9.72 | 19.83 |
| Fine Arts - Classical Music | 0 | 1 | 0 | 0 | 10 | 112 | 112.00 | 0 | 0 | 0.00 | 0.91 |
| Fine Arts - Other | 0 | 1 | 0 | 0 | 10 | 119 | 119.00 | 0 | 0 | 1.02 | 5.45 |
| Literature - World | 0 | 1 | 0 | 0 | 10 | 136 | 136.00 | 0 | 0 | 0.13 | 1.82 |
| Mythology | 0 | 1 | 0 | 0 | 10 | 102 | 102.00 | 0 | 0 | 2.12 | 4.55 |
| Other Academic | 0 | 1 | 0 | 0 | 10 | 111 | 111.00 | 0 | 0 | 1.98 | 16.67 |
| Popular Culture | 0 | 1 | 0 | 0 | 10 | 74 | 74.00 | 0 | 0 | 16.55 | 18.18 |
| Social Science | 0 | 0 | 0 | 0 | 0 | 0.00 | 0 | 0 | 0.00 | 0.00 |